00927cam a22002777a 4500001000500000005001700005020001800022040003900040050001400079082001100093100001700104245007600121250001900197260004100216300006000257490001900317505000800336520012600344521002000470521002000490650003700510650002700547650002800574650001800602655002900620319120240216112411.0 a9780062100092 aBTCTAbengcBTCTAdFOLLTdCGPdDLC00aPZ7.A911804a823.921 aScotton, Rob10aSplat the cat : cby Scotton, Rob bThe perfect present for mom & dad / aFirst edition  aNew York :bHarper Festival , c2012 a26 unnumbered pages : bcolor illustrations ;c21 cm .  aSplat the cat  aJ  aSplat and his brother and sister cats try to come up with the perfect gift for Mom and Dad. Includes a sheet of stickers.1 a480 bLexile 1 aJ bRaz-Plus  0aSplat the Cat vJuvenile fiction 0aCatsvJuvenile fiction 1aSplat the Cat vFiction 1aCatsvFiction 7aHumorous fiction.2gsafd